00447cam a22001692 4500001001100000005001700011008004100028020001500069040001500084050002700099100003300126245002400159260003200183300001400215650004500229852000300274000001982020151217155903.0110214s xx 000 0 eng d a9966494545 aKABUcKABU 0aPR9402.9b.T33S56 20071 aTaban Lo Liyong.@000015230810aShowhat and sowhat. aNairobi :bLonghorn,c2007. avi, 90 p. 0aAfrican literature (English)@00001797791